000 01379nam a2200301 4500
001 251
003 OSt
005 20250528074016.0
008 250220b |||||||e |||| 00| 1 eng d
040 _bpor
041 _heng
_apor
082 _a823
_bD548
100 1 _aDickens, Charles,
_d1812-1870
_9370
240 _aThe Posthumous Papers of the Pickwick Club
245 _aAs aventuras do Sr. Pickwick /
_cDickens, Charles ; Tradução de Otávio Mendes Cajado
260 _aSão Paulo
_bAbril
_c1971
300 _a589 p.
490 1 _aOs imortais da literatura universal
_vvol. 02
520 _a'As aventuras do Sr. Pickwick' apresenta, em ritmo picaresco, as peripécias das personagens chaplinianas de um certo Clube Pickwick, cujo objetivo é investigar a vida da capital inglesa - resultando uma sátira ao cientificismo do século XIX. Ao mesmo tempo, o primeiro romance de Charles Dickens, publicado em formato de folhetim entre abril de 1836 e novembro de 1837, é um retrato humorístico da sociedade de seu tempo, com aquela objetividade que só a ficção pode conquistar.
650 0 _aLiteratura Inglesa
_989
650 0 _aClássicos
_977
650 0 _aHumor
_960
655 0 _aRomance
_923
655 0 _aFicção
_922
700 _aOtávio Mendes Cajado
_eTradução
_9462
830 _aOs Imortais da Literatura Universal
_9461
_vvol. 02
942 _2ddc
_n0
_cBK
999 _c251
_d251